| 000 | 00720nam a22002057a 4500 | ||
|---|---|---|---|
| 999 |
_c175873 _d175873 |
||
| 005 | 20201008143926.0 | ||
| 010 | _aENG-128521 | ||
| 020 |
_c725.00 _a9789389538830 |
||
| 035 | _aEN-112053 | ||
| 037 | _bDBAD/PUB | ||
| 082 | _a310 | ||
| 100 | _aBernstein, Stephen | ||
| 245 |
_aSchaum'S Outline Of Elements Of Statistics II: Inferential Statistics/ _cBy Ruth Bernstein, Stephen Bernstein |
||
| 260 |
_aChennai _bMc Graw Hill Education _c2020 |
||
| 270 |
_a444/1 Sri Ekambara Naicker Industrial Estate, Alapakkam, Porur _bChennai _e600116 |
||
| 300 |
_axiii, 451p. _c28cm(pbk) _bTables,Graphs and Formulas |
||
| 500 | _aIncludes Index | ||
| 700 | _aBernstein, Ruth | ||
| 942 |
_2ddc _cEN _h310 _mBER |
||